TOP 10 Ventes PSG - Statistiques

Statistiques générales
  • Ce quiz a été pris 138 fois
  • Le résultat moyen est 3 sur 10
Statistiques - réponses
Hint Réponse % Correct
1 = 90M Neymar
96%
2 = 45M Verratti
42%
3 = 40M Guedes
33%
9 = 24,7M Pastore
31%
7 = 25M Matuidi
30%
6 = 28,4M Lucas
29%
5 = 32,25M Ronaldinho
29%
4 = 35M Luiz
18%
8 = 25M Aurier
15%
10 = 24M Berchiche
5%
Aucun quiz correspondant
Distribution des résultats
% des personnes avec chaque résultat
Percentile par nombre de réponses
Votre historique - résultats
Vous n’avez pas pris ce quiz